Theological Perspectives on Other Faiths (Record no. 18062)

MARC details
000 -LEADER
fixed length control field 00644nam a2200229 a 4500
020 ## - INTERNATIONAL STANDARD BOOK NUMBER
ISBN
082 00 - DEWEY DECIMAL CLASSIFICATION NUMBER
Classification number 261.2
Author Cutter LUT
245 ## - TITLE STATEMENT
Title Theological Perspectives on Other Faiths
Sub title Toward a Christia Theology of Rel
260 ## - PUBLICATION, DISTRIBUTION, ETC. (IMPRINT)
Place of publication Geneva
Name of publisher Lutheran World Federation
Year of publication 1997
300 ## - PHYSICAL DESCRIPTION
Number of Pages 292p
500 ## - GENERAL NOTE
General note includes index and biblioraphy
505 2# - FORMATTED CONTENTS NOTE
Formatted contents note LWF Documentation No.41
650 ## - SUBJECT ADDED ENTRY--TOPICAL TERM
Topical Term Christianity and Other Religions
942 ## - ADDED ENTRY ELEMENTS (KOHA)
Koha item type Books
Holdings
Collection code Home library Current library Date acquired Cost, normal purchase price Full call number Accession Number Koha item type
  Henry Martyn Institute Library Henry Martyn Institute Library 07/10/2007 100.00 261.2 LUT 11000869 Books
                   Copyright © 2026 | Henry Martyn Institute | Hyderabad | TS-500052 | INDIA | Implemented by hmi.edu.in
Hit-Count:

Powered by Koha